Động thái và thực trạng kinh tế -xã hội Việt Nam qua 10 năm đổi mới(1986 -1995)

Spremljeno u:
Bibliografski detalji
Format: Knjiga
Jezik:Vietnamese
Izdano: H. Thống kê 1996
Teme:
Oznake: Dodaj oznaku
Bez oznaka, Budi prvi tko označuje ovaj zapis!
Thư viện lưu trữ: Mạng thư viện Đại học Đà Nẵng
LEADER 00998nam a2200301 4500
001 000015762
003 12145
005 20120604160641.0
008 120604s1996 viesd
041 0 |a vie 
082 |a 330.9597  |b Đôn 
245 0 |a Động thái và thực trạng kinh tế -xã hội Việt Nam qua 10 năm đổi mới(1986 -1995) 
260 |a H.  |b Thống kê  |c 1996 
300 |a 477 tr.  |c 24 cm 
653 |a Động thái 
653 |a Thực trạng 
653 |a Kinh tế -xã hội 
653 |a Việt Nam 
OWN |a LSP 
AVA |a UDN50  |b LSP  |d 330.9597 Đôn  |e available  |t Error 5001 Not defined in file expand_doc_bib_avail.  |f 1  |g 0  |h N  |i 0  |k 1 
999 |a From the UDN01 
AVA |a UDN50  |b LSP  |d 330.9597 Đôn  |e available  |t Error 5001 Not defined in file expand_doc_bib_avail.  |f 1  |g 0  |h N  |i 0  |k 1 
TYP |a Monograph 
TYP |a Printed language 
980 |a Mạng thư viện Đại học Đà Nẵng